| 000 | 00455cam a2200169ua 4500 | ||
|---|---|---|---|
| 020 |
_a0-07-463217-5 _c325.00 |
||
| 041 |
_aeng _h |
||
| 082 |
_a660.284 27 _bKER/PR |
||
| 100 | _aKern, Donald Q . | ||
| 245 |
_aProcess heat transfer / _cDonald Q Kern. _hTextual Documents |
||
| 260 |
_aNew Delhi : _bTata Mc-Graw Hill Publishing Company , _c1997. |
||
| 300 | _a871 ; . | ||
| 365 | _a325.00 | ||
| 504 | _a | ||
| 942 | _cBK | ||
| 999 |
_c11288 _d11288 |
||